Statistics for Austronesian Branches

Click here to take the quiz!

General Stats

  • This quiz has been taken 12 times
  • The average score is 4 of 10

Answer Stats

Answer% Correct
Malayo-Polynesian
100%
East Formosan
50%
Atayalic
38%
Bunun
38%
Northwest Formosan
38%
Paiwan
38%
Tsouic
38%
Puyuma
25%
Rukai
25%
Western Plains
25%

Score Distribution

Percentile by Number Answered

Percent of People with Each Score

Your Score History

You have not taken this quiz